| 000 | 00627nam a2200181 a 4500 | ||
|---|---|---|---|
| 001 | 000040712 | ||
| 005 | 20201002034325.0 | ||
| 008 | 130905s2008 dr a 001 0 spa d | ||
| 020 | _a9788483224038 | ||
| 040 |
_aDO-SdBNP _bspa _cBNPHU |
||
| 100 | 1 |
_aNewbold, Paul _967098 |
|
| 245 | 1 | 0 |
_aEstadística para Administración y Economía / _cPaul Newbold, William L. Carlson, Betty M. Thorne. |
| 260 |
_aMadrid : _bUpper Saddle River, New Jersey : Pearson, _c2008. |
||
| 300 |
_a1063 p. ; : _bil. ; _c26 cm. |
||
| 500 | _aIncluye indice | ||
| 700 | 1 |
_aCarlson, William L _qWilliam Lee _d1938- _967099 |
|
| 700 | 1 |
_aThorne, Betty _967100 |
|
| 999 |
_c40202 _d40202 |
||